Normal view
MARC view
- دار المستقبل
Entry Personal Name
001 - CONTROL NUMBER
- control field: 13735
003 - CONTROL NUMBER IDENTIFIER
- control field: JO-AjAnu
005 - DATE AND TIME OF LATEST TRANSACTION
- control field: 20230606072509.0
008 - FIXED-LENGTH DATA ELEMENTS
- fixed length control field: 230606|| aca||aabn | a|a d
040 ## - CATALOGING SOURCE
- Original cataloging agency: JO-AjAnu
- Transcribing agency: JO-AjAnu
100 ## - HEADING--PERSONAL NAME
- Personal name: دار المستقبل
670 ## - SOURCE DATA FOUND
- Source citation: Work cat.: (JO-AjAnu)7064: دار المستقبل, author, البيريسترويكا: مظاهر اضمحلال النظام العالمي